| 000 | 004490000a22001690004500 | ||
|---|---|---|---|
| 003 | MACL | ||
| 005 | 20151230115655.0 | ||
| 008 | 151230b xxu||||| |||| 00| 0 eng d | ||
| 040 |
_aMACL _cMACL |
||
| 041 | _aEnglish | ||
| 082 | _a294/BHA | ||
| 100 |
_aA C Bhaktivedanta Swami Prabhupada _924621 |
||
| 245 | _aEasy Journey to Other Planets | ||
| 260 |
_bThe Bhaktivedanta book Trust _c1975 |
||
| 650 |
_aReligion _924622 |
||
| 942 |
_cBK _k294/BHA _2ddc |
||
| 999 |
_c35361 _d35361 |
||